000 00263nam a22001217a 4500
003 SGT
082 _a616.462
_bN96K
100 _aKAPUR , ANIL
245 _aNOVO NORDISK DIABTES UPDATE 96
260 _aINDIA
_bNOVO NORDISK
_c1996
300 _a124
942 _2ddc
_cBK
999 _c14078
_d14078